| 000 | 00451nam a2200181Ia 4500 | ||
|---|---|---|---|
| 005 | 20250423101646.0 | ||
| 008 | 250422s9999 xx 000 0 und d | ||
| 020 | _a0- 684- 80308- 9 | ||
| 050 | _aHQ74.G37 | ||
| 100 | _aMarjorie Garber B. | ||
| 245 | 0 | _aViseVersa: bisexuality and the Eroticism of everyday life | |
| 260 | _aUSA | ||
| 260 | _bPei Koay | ||
| 260 | _c1995 | ||
| 300 | _a606 p | ||
| 650 | _aIndustrial organization | ||
| 942 | _cBK | ||
| 999 |
_c36897 _d36897 |
||